| 000 | 00389nam a2200169Ia 4500 | ||
|---|---|---|---|
| 003 | 0100 | ||
| 008 | 130303s9999 xx 000 0 und d | ||
| 040 | _cARRUPELIB | ||
| 050 | _aU21.2.E86 1984 | ||
| 100 | _aSterba, James P | ||
| 245 | 4 | _aThe ethics of war and nuclear deterrence | |
| 260 | _aBelmont CA | ||
| 260 | _bWadsworth Pub. | ||
| 260 | _C1985 | ||
| 300 | _a182p | ||
| 942 | 0 | 0 | _02 |
| 999 |
_c23255 _d23255 |
||